Statystyki dla Kraje mające dostęp do Oceanu Spokojnego

Kliknij tutaj aby rozwiązać quiz!

Ogólne statystyki

  • Ten quiz został rozwiązany 196 razy
    (186 od ostatniego zresetowania)
  • Średni wynik to 36 z 43

Statystyki odpowiedzi

KontynentKraj% Poprawnych
AzjaJaponia
98%
Ameryka PółnocnaStany Zjednoczone
98%
AzjaRosja
97%
OceaniaAustralia
96%
Ameryka PółnocnaKanada
96%
Ameryka PółnocnaMeksyk
96%
AzjaIndonezja
95%
AzjaChiny
94%
Ameryka PołudniowaChile
93%
AzjaKorea Północna
93%
OceaniaNowa Zelandia
93%
AzjaKorea Południowa
92%
AzjaWietnam
92%
Ameryka PołudniowaKolumbia
91%
Ameryka PółnocnaPanama
90%
Ameryka PołudniowaPeru
90%
Ameryka PołudniowaEkwador
89%
AzjaMalezja
87%
AzjaTajlandia
84%
AzjaFilipiny
83%
Ameryka PółnocnaHonduras
83%
Ameryka PółnocnaKostaryka
82%
Ameryka PółnocnaSalwador
82%
AzjaSingapur
82%
AzjaTajwan
82%
Ameryka PółnocnaGwatemala
81%
OceaniaPapua Nowa Gwinea
81%
AzjaKambodża
80%
Ameryka PółnocnaNikaragua
80%
OceaniaWyspy Marshalla
79%
OceaniaFidżi
78%
AzjaTimor Wschodni
77%
Oceania (Kraj który ma tam terytorium)Francja
75%
OceaniaMikronezja
75%
Oceania (Kraj który ma tam terytorium)Wielka Brytania
75%
OceaniaWyspy Salomona
75%
OceaniaPalau
71%
OceaniaVanuatu
71%
OceaniaNauru
70%
AzjaBrunei
69%
OceaniaSamoa
66%
OceaniaKiribati
65%
OceaniaTonga
63%

Rozkład punktacji

Percentyl według liczby udzielonych odpowiedzi

Procent ludzi z każdym wynikiem

Twoja historia wyników

Nie rozwiązałeś tego quizu od ostatniego zresetowania